Online Catalogue and eLibrary

Ethnic diversity and public policy : (Record no. 186)

MARC details
000 -LEADER
fixed length control field 00566pam a2200193 a 4500
001 - CONTROL NUMBER
control field 4962824
005 - DATE AND TIME OF LATEST TRANSACTION
control field 20240611025109.0
008 - FIXED-LENGTH DATA ELEMENTS--GENERAL INFORMATION
fixed length control field 970528s1998 nyu b 001 0 eng
020 ## - INTERNATIONAL STANDARD BOOK NUMBER
ISBN 0333653890,
040 ## - CATALOGING SOURCE (பட்டியலாக்க மூலம்)
Original cataloging agency DLC
Transcribing agency DLC
Modifying agency DLC
082 00 - DDC Classification
Class No. 305.8
DDC Edition Number 21
245 00 - TITLE STATEMENT
Title Ethnic diversity and public policy :
Remainder of title a comparative inquiry /
Statement of responsibility, etc. edited by Crawford Young.
250 ## - EDITION STATEMENT
Edition statement 1st.
260 ## - PUBLICATION, DISTRIBUTION, ETC.
Place of publication, distribution, etc. New York :
Name of publisher, distributor, etc. St. Martin's Press in association with UNRISD,
Date of publication, distribution, etc. 1998.
300 ## - PHYSICAL DESCRIPTION
Extent (e.g. Volumes, Pages etc.) xii, 240 p. ;
650 #0 - SUBJECT ADDED ENTRY--TOPICAL TERM
Topical term or geographic name entry element Multiculturalism.
700 1# - ADDED ENTRY--PERSONAL NAME
Personal name Young, Crawford,
Relator term (Role) Editor
942 ## - Koha item type (Biblio)
Koha item type Books in Stacks (Lending)
Holdings
Lost status Damaged status Collection code Home library Current library Date acquired Full call number Accession Number Item type
    Lending WERC Library WERC Library 01/19/2024 305.8 2788 Books in Stacks (Lending)

© WERC Library